00670 2200241 4500001002100000005001500021035002000036007000300056008004100059020002200100082001100122084001700133100002100150245007800171250001000249260004100259300003300300500001100333650003600344700002600380990001100406990001100417INLIS00000000000356020190625065212 a0010-0619000104ta190625 g 0 ind  a978-979-16776-6-0 a297.98 a297.98 SAI b0 aSAIFUDDIN, Zuhri1 aBerangkat dari Pesantren /cSaifuddin Zuhri; editor, Jajang Husni Hidayat acet.1 aYogyakarta :bLKis Yogyakarta,c2013 axx, 775 hlm :bilus ;c24 cm aIndeks 4aISLAM. BIOGRAFI SAIFUDDIN ZUHRI0 aJAJANG, Husni Hidayat a6837 a a6837 b